000 00386nam a2200157Ia 4500
008 160316s2006 xxu||||| |||| 00| 0 eng d
082 _a346.066000
_bBRO-II
100 _aBrowne Gore
245 _aCompanies Vol. II
250 _a45th
260 _aBristol
_bJordans Publishing Ltd.
_c2006
300 _aVar
_b
_cxxvi
365 _bRs. 44,896
650 _a1. Companies
700 _a
_a
999 _c23530
_d23530